000
00315nam a2200145Ia 4500
003
OSt
008
191201s2019 xx 000 0 und d
082
_a
658.15
_b
MAI
100
_a
MACHIRAJU,HR
245
0
_a
Indian financial system
260
_b
Vikas pub
_c
2019
300
_a
474
650
_a
MBA
942
_2
ddc
_c
BK
999
_c
7007
_d
7007